000 01375nam a2200337 c 4500
999 _c186382
_d186382
003 BLK
005 20250730104442.0
008 180411b bul|||||r ||||||| ||bul||
010 _aKNG00195376000
040 _aBLK
041 _aBUL
_cBUL
080 _aАнглийска литература
_b821.111
_x-31
_z821.111-31
100 1 _aМоъм, Уилям Съмърсет
_eпърви автор
_9373161
139 _aМоъм, Уилям Съмърсет
_bМ 93
245 1 0 _aТеатър
_bРоман
_cУилям Съмърсет Моъм; прев. от англ. Мария Донева; с предг. от Димитри Иванов.
257 _aGBR
260 _bНар. култура
_c1984
_aСофия
300 _a248 с., 1 л.
_bпортр.
_c21 см
380 _aX
490 1 _aБиблиотека Избрани романи
_v№ 7
500 _a80 125 тир.
700 _aДонева, Мария
_qПетрова, Мария Донева
_d1974-
_gПоетеса, детска писателка.
_9365115
700 1 _aИванов, Димитри
_eс предг. от
_9380841
852 _aЦб 131263
856 4 _qpdf
856 4 _qpdf
942 _cKNG
_n0
_09
_s1
944 _aCR
_c07.11.2016
_k30531
_lЦветелина Шанова
944 _aED
_c07.11.2016
_kСтанимира_Цанева
999 _d186382